Quick Pick: Simon Pegg Movies Quiz Stats

 Plays Quiz Updated Nov 30, 2019

Score 0/15 Timer 01:00
1 Play Today
% Correct
Dead
94.8%
People
93.6%
Fuzz
92.7%
Darkness
92.3%
Collision
91.3%
End
90.1%
One
89.7%
Tintin
89.1%
% Correct
Ghost
84.7%
Anything
83.7%
Voyage
83%
Happiness
78.4%
Rulez
69.1%
Hare
68%
Cloverfield
67.9%

Today's Daily Dose

Word Ladder
Antonym Clues IV

Quick Pick
Marsupials

Get the Picture
Big 4 'H' All-Stars

You're not logged in!

Compare scores with friends on all Sporcle quizzes.
OR
Log In

Sporcle TV

Today on Sporcle TV


Watch our educational content, quiz creation guides, and fun videos on Sporcle TV.

Show Comments

Extras

Top Quizzes Today


Score Distribution

Your Account Isn't Verified!

In order to create a playlist on Sporcle, you need to verify the email address you used during registration. Go to your Sporcle Settings to finish the process.

Report this User

Report this user for behavior that violates our Community Guidelines.

Details: